| 000 | 00513nam a2200181Ia 4500 | ||
|---|---|---|---|
| 003 | GCL | ||
| 008 | 140319s9999 xx 000 0 eng d | ||
| 040 |
_aGCL / _cGCL |
||
| 082 | 0 | 4 |
_a621.391 _bA M |
| 100 | 1 | _aSTIGLIANO, VINCENT | |
| 245 | 1 | 0 |
_aMICROCOMPUTER THEORY AND SERVICING, 2ND ED / _cSTIGLIANO, VINCENT |
| 700 | 1 | _aBAHRENBURG, RICHARD | |
| 700 | 1 | _aASSER, STUART | |
| 260 |
_a[S.N] : _bMACMILLAN PUBBISHING CO ، _c1993 |
||
| 300 | _a765 P | ||
| 650 | 0 | 4 | _aMICRO COMPUTER MAINTENANCE |
| 942 |
_2ddc _cBK |
||
| 999 |
_c20965 _d20965 |
||